Vista normal
Vista MARC
Entrada Personal Name
Número de registros utilizados en: 1
001 - CONTROL NUMBER
- control field: 14611
003 - CONTROL NUMBER IDENTIFIER
- control field: DLC
005 - DATE AND TIME OF LATEST TRANSACTION
- control field: 20230809133006.0
008 - FIXED-LENGTH DATA ELEMENTS
- fixed length control field: 010202n| azannaabn |n aaa c
010 ## - LIBRARY OF CONGRESS CONTROL NUMBER
- LC control number: no2001009257
016 ## - NATIONAL BIBLIOGRAPHIC AGENCY CONTROL NUMBER
- Record control number: 1048B7946E
035 ## - SYSTEM CONTROL NUMBER
- System control number: (OCoLC)oca05407916
040 ## - CATALOGING SOURCE
- Original cataloging agency: NJQ
- Language of cataloging: spa
- Description conventions: rda
- Transcribing agency: Mx-PuUPA
- Modifying agency: IEN
- Modifying agency: CaOONL
- Modifying agency: Mx-PuUPA
042 ## - AUTHENTICATION CODE
- Authentication code: nlc
046 ## - SPECIAL CODED DATES
- Birth date: 19660303
- Source of date scheme: edtf
100 1# - HEADING--PERSONAL NAME
- Personal name: Ruillier, Jérôme,
- Dates associated with a name: 1966-
370 ## - ASSOCIATED PLACE
- Place of birth: Tôlanarö (Madagascar)
- Associated country: Francia
- Source of term: naf
372 ## - FIELD OF ACTIVITY
- Field of activity: libros infantiles ilustrados
- Source of term: lcsh
374 ## - OCCUPATION
- Occupation: Autor
- Occupation: Ilustrador
- Source of term: lcsh
375 ## - GENDER
- Gender: hombre
377 ## - ASSOCIATED LANGUAGE
- Language code: fre
670 ## - SOURCE DATA FOUND
- Source citation: Homme de couleur!, c1999:
- Information found: t.p. (Jérôme Ruillier)
670 ## - SOURCE DATA FOUND
- Source citation: Ricochet-jeunes website, viewed June 4, 2014
- Information found: (Jérôme Ruillier; b. Mar. 3, 1966 in Fort-Dauphin, Madagascar; French nationality; studied illustration at Arts Décoratifs, Strasbourg; lives in Grenoble)